000 01025cam a22003133a 4500
001 1141
005 20230815112448.0
008 021016s2002 nyua j 000 1 eng d
020 _a9780439353670
040 _aBKL
_cBKL
_dDLC
_beng
050 0 0 _aPZ7.M47396
082 _aFic
100 1 _aMazer, Anne.
245 1 4 _aThe more, the merrier /
_cAnne Mazer.
250 _aFirst scholastic printing, August 2002
260 _aNew York
_bScholastic Inc.,
_c2002.
300 _a122 pages. :
_billustrations. ;
_c20 cm.
490 1 _aThe amazing days of Abby Hayes ;
500 _a"An Apple paperback."
505 _aJ
520 _aAbby's having a party. She decides it's the perfect time to give her room a makeover. Will she finish in time for the party?
521 _a480
_bLexile
521 _aJ
_bRaz-Plus
650 0 _aDiaries
_vFiction.
650 0 _aGirls
_xDiaries
_vFiction.
655 7 _aChildren's stories.
_2lcsh
906 _a7
_bcbc
_ccopycat
_d2
_encip
_f20
_gy-gencatlg
942 _2ddc
_cBK
_n0
999 _c1141
_d1141